[Event "Let's Play Chess!"]
[Site "http://www.queenalice.com/game.php?id=1866237"]
[Date "2025.11.29"]
[Round "-"]
[White "Mlintz"]
[Black "alow_proton"]
[Result "0-1"]
[WhiteElo "1955"]
[BlackElo "1930"]

1. e4 c5 2. Nf3 d6 3. c3 Nf6 4. h3 Nc6 5. d3 e5 6. b3 Be7 7. Be2 a6 8. a4 h6 9.
Bb2 b6 10. Nbd2 Be6 11. O-O O-O 12. d4 cxd4 13. cxd4 exd4 14. Nxd4 Nxd4 15. Bxd4
Nd7 16. Bb2 Bf6 17. Bxf6 Nxf6 18. f4 Ne8 19. f5 Bc8 20. Bf3 Bb7 21. Nc4 b5 22.
axb5 axb5 23. Rxa8 Qxa8 24. Nxd6 Nxd6 25. Qxd6 Bxe4 26. Bxe4 Qxe4 27. Qd1 f6 28.
Kh1 Rc8 29. Qd7 Rc2 30. Qe6+ Qxe6 31. fxe6 Re2 32. Rf5 Re5 33. Rxe5 fxe5 34. g4
Kf8 35. Kg2 Ke7 36. Kf3 Kxe6 37. Ke4 g6 38. h4 h5 39. gxh5 gxh5 40. b4 Kf6 41.
Ke3 Kf5 42. Kf3 e4+ 43. Ke3 Ke5 44. Ke2 Kf4 45. Kf2 e3+ 46. Ke2 Ke4 47. Ke1 Kf3
48. Kf1 Kg3 49. Ke2 Kxh4 50. Kxe3 Kg3 51. Ke2 Kg2 0-1

[Event "Let's Play Chess!"]
[Site "http://www.queenalice.com/game.php?id=1866239"]
[Date "2025.11.29"]
[Round "-"]
[White "Mlintz"]
[Black "alow_proton"]
[Result "1-0"]
[WhiteElo "1939"]
[BlackElo "1940"]

1. d4 d5 2. c4 c6 3. Nc3 Nf6 4. e3 Bg4 5. Nf3 e6 6. c5 Be7 7. Be2 O-O 8. Ne5
Bxe2 9. Qxe2 Nbd7 10. h3 Ne8 11. Nxd7 Qxd7 12. b3 f5 13. Bb2 b6 14. cxb6 axb6
15. a4 Bb4 16. O-O Be7 17. Ba3 Bd6 18. Bxd6 Qxd6 19. f4 c5 20. Nb5 Qd7 21. Rfc1
Rc8 22. dxc5 bxc5 23. Qc2 Nd6 24. Nxd6 Qxd6 25. a5 Rf7 26. Qd2 Qa6 27. Qc3 Rfc7
28. Rc2 Kf7 29. Rac1 Rc6 30. Qd2 Qb5 31. Qc3 Rb8 32. Rb1 Rbc8 33. Rbc1 Qa6 34.
g4 fxg4 35. hxg4 d4 36. exd4 cxd4 37. Qd2 Rxc2 38. Rxc2 Rxc2 39. Qxc2 Qxa5 40.
Kf2 Qc3 41. Qxc3 dxc3 42. Ke2 Kf6 43. Kd3 c2 44. Kxc2 g5 45. fxg5+ Kxg5 46. b4
Kxg4 47. b5 h5 48. b6 h4 49. b7 1-0

[Event "Let's Play Chess!"]
[Site "http://www.queenalice.com/game.php?id=1866240"]
[Date "2025.11.29"]
[Round "-"]
[White "alow_proton"]
[Black "Mlintz"]
[Result "1-0"]
[WhiteElo "1890"]
[BlackElo "1947"]

1. e4 e5 2. f4 exf4 3. Nf3 d6 4. Bc4 Bg4 5. d3 g6 6. Bxf4 Bg7 7. c3 Nf6 8. O-O
O-O 9. h3 Bxh3 10. gxh3 Nh5 11. Bh2 Qd7 12. Kg2 c6 13. Bb3 Qe7 14. Nbd2 Nd7 15.
Ng1 Ndf6 16. Qf3 a5 17. a4 b5 18. Rfe1 Nd7 19. Rab1 Be5 20. d4 Bg7 21. Ne2 Nb6
22. axb5 cxb5 23. Kh1 Bh6 24. Nf4 Nf6 25. e5 dxe5 26. dxe5 Nfd7 27. e6 Kh8 28.
exd7 Qxd7 29. Rbd1 a4 30. Ba2 Rfe8 31. Ne4 Qe7 32. Ng2 Bg7 33. Nd6 Qf6 34. Rxe8+
Rxe8 35. Qxf6 1-0

[Event "Challenge"]
[Site "http://www.queenalice.com/game.php?id=1866346"]
[Date "2025.11.29"]
[Round "-"]
[White "Mlintz"]
[Black "Capixaba789"]
[Result "1-0"]
[WhiteElo "1929"]
[BlackElo "1771"]

1. d4 e6 2. Nf3 d5 3. Nc3 Nf6 4. e3 Be7 5. Bd3 Bd7 6. e4 dxe4 7. Nxe4 Nc6 8.
Nxf6+ Bxf6 9. Be3 a6 10. a4 O-O 11. c3 Ne7 12. Bg5 Ng6 13. h4 Bc6 14. Bxf6 Qxf6
15. Qe2 Bxf3 16. gxf3 Nxh4 17. Be4 g6 18. b4 Ng2+ 19. Kd2 Nf4 20. Qe3 c6 21.
Rag1 Rad8 22. Kc2 e5 23. Rd1 exd4 24. Rxd4 Rxd4 25. Qxd4 Qg5 26. Qd1 Rd8 27. Qc1
Qf6 28. Rd1 Re8 29. Rd2 Qe6 30. Kb2 Qc4 31. Qc2 b5 32. a5 h5 33. Rd4 Qe2 34.
Qxe2 Nxe2 35. Rd2 Nf4 36. Bxc6 Re2 37. Rxe2 Nxe2 38. Bxb5 axb5 39. a6 h4 40. a7
h3 41. a8=Q+ Kg7 42. Qe4 h2 43. Qh4 1-0

[Event "Challenge"]
[Site "http://www.queenalice.com/game.php?id=1866347"]
[Date "2025.11.29"]
[Round "-"]
[White "Capixaba789"]
[Black "Mlintz"]
[Result "0-1"]
[WhiteElo "1805"]
[BlackElo "1915"]

1. d4 e6 2. e4 d5 3. e5 c5 4. c3 Nc6 5. Nf3 Qb6 6. Bd3 cxd4 7. cxd4 Nxd4 8. Nxd4
Bd7 9. Nf3 Bc5 10. O-O d4 11. Nbd2 Rd8 12. Ne4 Rc8 13. b3 a5 14. Bc4 Ne7 15.
Nxc5 Qxc5 16. Qxd4 Qxd4 17. Ba3 Qb6 0-1

[Event "Xará 25"]
[Site "http://www.queenalice.com/game.php?id=1866464"]
[Date "2025.12.2"]
[Round "-"]
[White "Mlintz"]
[Black "MarcosT"]
[Result "0-1"]
[WhiteElo "1942"]
[BlackElo "2029"]

1. e4 e5 2. Nf3 Nf6 3. d3 Nc6 4. c3 d5 5. exd5 Qxd5 6. Be2 Bf5 7. c4 Qd7 8. O-O
O-O-O 9. Nc3 Bxd3 10. Bxd3 Qxd3 11. Qxd3 Rxd3 12. Re1 Bd6 13. h3 Re8 14. Be3 Nd4
15. Nd2 Nc2 16. Bxa7 b6 17. Nb3 Nxa1 18. Nxa1 Kb7 19. Nb5 Bf8 20. a3 c6 21. Bxb6
Kxb6 22. Nc3 Bc5 23. Na4+ Kc7 24. Nxc5 Rd2 25. b4 Nd7 26. Nab3 Rd6 27. Ne4 Rh6
28. Nec5 Nxc5 29. Nxc5 f5 30. f3 g5 31. a4 Rh4 32. Rd1 Rd4 33. Rc1 e4 34. fxe4
fxe4 35. Kf2 e3+ 36. Ke2 Rd2+ 37. Kf1 Rf8+ 38. Kg1 Rff2 0-1

[Event "Xará 26"]
[Site "http://www.queenalice.com/game.php?id=1866466"]
[Date "2025.12.2"]
[Round "-"]
[White "MarcosT"]
[Black "Mlintz"]
[Result "1-0"]
[WhiteElo "1989"]
[BlackElo "1938"]

1. d4 e6 2. e3 d5 3. c3 c5 4. Bd3 Nc6 5. f4 Nf6 6. Nf3 Be7 7. Nbd2 c4 8. Bc2 b5
9. a3 Bb7 10. O-O a5 11. b3 O-O 12. bxc4 dxc4 13. Ng5 Nd5 14. Ndf3 Nxc3 15.
Bxh7+ Kh8 16. Qc2 Nd5 17. Bg8 Bxg5 18. Qh7# 1-0

[Event "Let's Play Chess!"]
[Site "http://www.queenalice.com/game.php?id=1866604"]
[Date "2025.12.5"]
[Round "-"]
[White "Mlintz"]
[Black "alow_proton"]
[Result "1-0"]
[WhiteElo "1924"]
[BlackElo "1975"]

1. e4 c5 2. Nf3 d6 3. c3 Nf6 4. h3 Nc6 5. d3 a6 6. a3 a5 7. a4 Bd7 8. b3 e5 9.
Bb2 Be7 10. Be2 O-O 11. O-O Ne8 12. d4 Nf6 13. dxe5 dxe5 14. Bd3 Qc7 15. Nbd2
Be6 16. Bc2 Rfd8 17. Qe2 Na7 18. c4 Nc6 19. Bd1 Rd7 20. Nb1 Rad8 21. Na3 b6 22.
Nb5 Qb8 23. Ng5 Nd4 24. Nxd4 exd4 25. Qd3 h6 26. Nxe6 fxe6 27. f4 Nh7 28. e5 Rf8
29. Bc1 Bd8 30. g4 Rdf7 31. Bc2 g5 32. Qg6+ Rg7 33. Qxe6+ Kh8 34. Qxh6 gxf4 35.
Bxf4 Bc7 36. Rae1 Qe8 37. g5 Rxf4 38. Rxf4 Rxg5+ 39. Kf2 Qg8 40. Bxh7 Rg2+ 41.
Kf3 Rg3+ 42. Ke4 Qxh7+ 43. Qxh7+ Kxh7 44. Rf7+ Rg7 45. Rxg7+ Kxg7 46. Rf1 Bd8
47. e6 1-0

[Event "Let's Play Chess!"]
[Site "http://www.queenalice.com/game.php?id=1866605"]
[Date "2025.12.5"]
[Round "-"]
[White "alow_proton"]
[Black "Mlintz"]
[Result "1/2-1/2"]
[WhiteElo "1968"]
[BlackElo "1918"]

1. e4 e5 2. f4 exf4 3. Nf3 d6 4. Bc4 Be7 5. O-O Nf6 6. d3 O-O 7. Bxf4 c6 8. Bb3
a5 9. a3 Bg4 10. h3 Bh5 11. Qe1 Bxf3 12. Rxf3 Nbd7 13. Nd2 Ne5 14. Re3 c5 15.
Kh2 Nh5 16. Bxe5 dxe5 17. Nf3 Bd6 18. Bd5 Rb8 19. a4 Nf6 20. Bc4 Nd7 21. c3 Kh8
22. Bb5 b6 23. Kh1 Bc7 24. Rd1 Nf6 25. Nd2 g6 26. Rf3 Ne8 27. Nc4 Qe7 28. Qf2
Nd6 29. Nxd6 Bxd6 30. Rf1 Rb7 31. Bc4 Kg7 32. Qe1 f6 33. R1f2 Qd8 34. Qf1 Be7
35. g3 Rc7 36. h4 h6 37. Rh2 Qc8 38. h5 g5 39. Rf5 Qd7 40. b3 Qd6 41. Rd2 Qd8
42. Kh2 Rd7 43. Qe2 Rd6 44. Bd5 Qd7 45. Rf1 f5 46. c4 f4 47. gxf4 Rxf4 48. Rxf4
gxf4 49. Qf3 Bg5 50. Rg2 Qe7 51. Qg4 Rf6 52. Rf2 Qd8 1/2-1/2

[Event "Challenge"]
[Site "http://www.queenalice.com/game.php?id=1866760"]
[Date "2025.12.8"]
[Round "-"]
[White "Mlintz"]
[Black "Capixaba789"]
[Result "0-1"]
[WhiteElo "1929"]
[BlackElo "1788"]

1. e4 e5 2. Nf3 d6 3. c3 Nf6 4. h3 Be7 5. Be2 c5 6. d3 Nc6 7. b3 Be6 8. Bb2 a6
9. a4 Rb8 10. Qc2 Qc7 11. Nbd2 b5 12. d4 exd4 13. cxd4 cxd4 14. Nxd4 Bd7 15.
axb5 axb5 16. Nxb5 Qb6 17. O-O Nb4 18. Nxd6+ Qxd6 19. Qd1 Qe6 20. Bc4 Qb6 21. e5
Nfd5 22. Qf3 Be6 23. Rfd1 O-O 24. Ne4 f5 25. Nc3 Nc7 26. Nd5 Ncxd5 27. Bxd5 Bxd5
28. Rxd5 Nxd5 29. Qxd5+ Kh8 0-1

[Event "Challenge"]
[Site "http://www.queenalice.com/game.php?id=1866761"]
[Date "2025.12.8"]
[Round "-"]
[White "Capixaba789"]
[Black "Mlintz"]
[Result "1-0"]
[WhiteElo "1801"]
[BlackElo "1894"]

1. d4 e6 2. Nc3 d5 3. f4 c5 4. Nf3 Nc6 5. e3 g6 6. Be2 Bg7 7. O-O Nf6 8. Ne5
cxd4 9. exd4 a6 10. Kh1 O-O 11. Bf3 Nd7 12. Be3 f6 13. Nd3 Nb6 14. a3 Re8 15.
Ne2 e5 16. fxe5 fxe5 17. dxe5 Nxe5 18. Nxe5 Rxe5 19. Bd4 Re8 20. Bxg7 Kxg7 21.
Qd4+ Kg8 22. Nf4 Be6 23. Rad1 Bf7 24. c3 Qd6 25. h3 Rac8 26. Nxd5 Nd7 27. Nb4
Qxd4 28. cxd4 Rb8 29. Rfe1 Kg7 30. Rxe8 Bxe8 31. Re1 Kf7 32. Nd5 h5 33. Re7+ Kf8
34. Rh7 Kg8 35. Re7 Kf8 36. Re3 b5 37. Nc7 1-0

[Event "Let's Play Chess!"]
[Site "http://www.queenalice.com/game.php?id=1866779"]
[Date "2025.12.9"]
[Round "-"]
[White "Mlintz"]
[Black "alow_proton"]
[Result "1-0"]
[WhiteElo "1932"]
[BlackElo "1966"]

1. e4 c5 2. Nc3 Nc6 3. Nf3 d6 4. d4 cxd4 5. Nxd4 a6 6. a4 Nf6 7. Nxc6 bxc6 8.
Be2 e6 9. f4 Be7 10. O-O O-O 11. b3 Bb7 12. Bf3 Qc7 13. Bb2 Rad8 14. Qe2 e5 15.
f5 Kh8 16. Kh1 Rg8 17. Qc4 Bf8 18. Nd5 Nxd5 19. exd5 c5 20. g3 a5 21. Bg2 f6 22.
Qh4 Qf7 23. Rfd1 g5 24. fxg6 Rxg6 25. Bc1 Be7 26. Qh5 Bxd5 27. Bxd5 Qf8 28. Be4
1-0

[Event "Let's Play Chess!"]
[Site "http://www.queenalice.com/game.php?id=1866780"]
[Date "2025.12.9"]
[Round "-"]
[White "alow_proton"]
[Black "Mlintz"]
[Result "1-0"]
[WhiteElo "1957"]
[BlackElo "1949"]

1. e4 e5 2. f4 c5 3. Nf3 Nc6 4. Bc4 d6 5. O-O Bg4 6. c3 Be7 7. d3 Nf6 8. a3 a5
9. f5 O-O 10. h3 Bxf3 11. Qxf3 Nd7 12. a4 Nb6 13. Bb3 Bg5 14. Nd2 Qf6 15. Nc4
Nxc4 16. Bxc4 Bxc1 17. Raxc1 h6 18. Qe3 Rfd8 19. Rce1 Kf8 20. Rf3 Ke7 21. Bb5
Na7 22. Bc4 Nc8 23. Bd5 Rb8 24. Bc4 Nb6 25. Bb3 Kf8 26. Rg3 Ke7 27. Rf3 Rh8 28.
Rd1 Rhd8 29. d4 c4 30. Bc2 Re8 31. dxe5 dxe5 32. Rf2 Rbc8 33. Rfd2 Rcd8 34. Qc5+
1-0

[Event "Let's Play Chess!"]
[Site "http://www.queenalice.com/game.php?id=1867057"]
[Date "2025.12.14"]
[Round "-"]
[White "Mlintz"]
[Black "alow_proton"]
[Result "0-1"]
[WhiteElo "1862"]
[BlackElo "2004"]

1. e4 c5 2. Nc3 Nc6 3. Nf3 d6 4. d4 cxd4 5. Nxd4 Nf6 6. f3 a6 7. a4 e6 8. Nxc6
bxc6 9. Be3 Be7 10. Be2 O-O 11. O-O Bb7 12. Qd2 Qc7 13. Rfd1 d5 14. exd5 cxd5
15. Bf2 e5 16. Nb1 Rfd8 17. c3 e4 18. Na3 Bc5 19. Bd4 Nd7 20. fxe4 dxe4 21. Nc4
Bxd4+ 22. Qxd4 Nf6 23. Qf2 Rd7 24. a5 Rad8 25. Rxd7 Rxd7 26. Bf1 h6 27. Nb6 Rd6
28. c4 Re6 29. Re1 Ng4 30. Qg3 Qc5+ 31. Kh1 Nf2+ 32. Kg1 Nh3+ 33. Kh1 Qg1# 0-1

[Event "Let's Play Chess!"]
[Site "http://www.queenalice.com/game.php?id=1867058"]
[Date "2025.12.14"]
[Round "-"]
[White "alow_proton"]
[Black "Mlintz"]
[Result "1-0"]
[WhiteElo "2002"]
[BlackElo "1873"]

1. e4 c5 2. Nf3 d6 3. d4 cxd4 4. Nxd4 Nc6 5. Nc3 a6 6. a3 Nxd4 7. Qxd4 e5 8. Qd1
Nf6 9. Bc4 Be7 10. O-O O-O 11. Qd3 Be6 12. Nd5 b5 13. Nxe7+ Qxe7 14. Bb3 Bxb3
15. cxb3 Qb7 16. f3 d5 17. exd5 Qxd5 18. Rd1 Qb7 19. Bg5 Ne8 20. Qd7 Qxd7 21.
Rxd7 f6 22. Be3 Rf7 23. Rad1 g6 24. Kf2 Nc7 25. Rxf7 Kxf7 26. Rd7+ 1-0

[Event "Challenge"]
[Site "http://www.queenalice.com/game.php?id=1867130"]
[Date "2025.12.18"]
[Round "-"]
[White "jogo"]
[Black "Mlintz"]
[Result "0-1"]
[WhiteElo "2008"]
[BlackElo "1852"]

1. e4 e5 2. Nf3 Qe7 3. d4 d6 4. h3 g6 5. dxe5 dxe5 6. Nc3 c6 7. a3 a5 8. Bc4 Bg7
9. a4 Nf6 10. Ng5 O-O 11. O-O h6 12. Nf3 Be6 13. Bxe6 Qxe6 14. b3 Nbd7 15. Ba3
Rfd8 16. Qd6 Qxd6 17. Bxd6 Ne8 18. Be7 Rdc8 19. Rad1 Ndf6 20. Rd8 Rxd8 21. Bxd8
Rxd8 22. Nxe5 Nxe4 23. Nxc6 bxc6 24. Nxe4 Nf6 25. Nxf6+ Bxf6 0-1

[Event "Let's Play Chess!"]
[Site "http://www.queenalice.com/game.php?id=1867251"]
[Date "2025.12.19"]
[Round "-"]
[White "Mlintz"]
[Black "alow_proton"]
[Result "0-1"]
[WhiteElo "1926"]
[BlackElo "2095"]

1. e4 c5 2. Nf3 d6 3. c3 Nf6 4. h3 Nxe4 5. Qa4+ Nc6 6. Qxe4 e5 7. Qc2 d5 8. d3
Be7 9. Be2 O-O 10. O-O Rb8 11. a4 f5 12. b3 f4 13. Bb2 a6 14. Nbd2 Bf5 15. Qd1
Qc7 16. Re1 a5 17. Bf1 Bf6 18. Qc1 Rfe8 19. Nh2 e4 20. dxe4 dxe4 21. Nc4 Ne5 22.
Nxe5 Bxe5 23. c4 Bxb2 24. Qxb2 e3 25. fxe3 fxe3 26. Qe2 Rbd8 27. Nf3 Bd3 28. Qb2
Bf5 29. Rad1 Rxd1 30. Rxd1 Qg3 31. h4 Bg4 32. Nh2 Bxd1 0-1

[Event "Entre os Rios"]
[Site "http://www.queenalice.com/game.php?id=1867252"]
[Date "2025.12.18"]
[Round "-"]
[White "Mlintz"]
[Black "Sph4444"]
[Result "1-0"]
[WhiteElo "1982"]
[BlackElo "1956"]

1. e4 e5 2. Nf3 Nc6 3. Bc4 h6 4. c3 Nf6 5. d3 d6 6. h3 Be7 7. b4 O-O 8. Bb2 b6
9. Nbd2 a5 10. b5 Na7 11. a4 Bb7 12. O-O c5 13. bxc6 Bxc6 14. d4 exd4 15. cxd4
d5 16. exd5 Bxd5 17. Ne5 Bxc4 18. Nexc4 b5 19. axb5 Nxb5 20. Nf3 Qc7 21. Nce5
Ra6 22. Re1 Rfa8 23. Nxf7 Bb4 24. Nxh6+ gxh6 25. Qb3+ Kg7 26. Rac1 Qd6 27. Re5
a4 28. Qc4 a3 29. Ba1 Rc6 30. Qxc6 Qxc6 31. Rxc6 Ra5 32. Rb6 Bc3 33. Bxc3 1-0

[Event "Let's Play Chess!"]
[Site "http://www.queenalice.com/game.php?id=1867253"]
[Date "2025.12.19"]
[Round "-"]
[White "alow_proton"]
[Black "Mlintz"]
[Result "1-0"]
[WhiteElo "2082"]
[BlackElo "1897"]

1. e4 e5 2. f4 exf4 3. Nf3 d6 4. d4 g5 5. h3 Bg7 6. Bc4 Nd7 7. Nc3 c6 8. a4 h6
9. b4 Ne7 10. a5 a6 11. Bd2 b6 12. Ra3 b5 13. Ba2 O-O 14. O-O Kh8 15. Be1 Bb7
16. Ne2 c5 17. dxc5 dxc5 18. e5 Bxf3 19. Raxf3 Bxe5 20. c4 cxb4 21. Bxb4 f6 22.
Rd3 Ra7 23. cxb5 axb5 24. Be6 Qb6+ 25. axb6 1-0

[Event "Leixoes"]
[Site "http://www.queenalice.com/game.php?id=1867254"]
[Date "2025.12.18"]
[Round "-"]
[White "Sph4444"]
[Black "Mlintz"]
[Result "0-1"]
[WhiteElo "1923"]
[BlackElo "1917"]

1. e4 c5 2. Bc4 e6 3. Nf3 d6 4. O-O Nf6 5. d3 Be7 6. Nc3 a6 7. a4 b6 8. Be3 Nc6
9. d4 cxd4 10. Nxd4 Nxd4 11. Bxd4 Bb7 12. h3 Nxe4 13. Qg4 Bf6 14. Bxf6 Nxf6 15.
Qxg7 Rg8 16. Qxg8+ Nxg8 17. b4 Qg5 18. g3 Qf5 19. h4 Qh3 0-1

[Event "Let's Play Chess!"]
[Site "http://www.queenalice.com/game.php?id=1867399"]
[Date "2025.12.28"]
[Round "-"]
[White "Mlintz"]
[Black "alow_proton"]
[Result "1-0"]
[WhiteElo "1997"]
[BlackElo "2100"]

1. e4 c5 2. Nf3 d6 3. Nc3 Nf6 4. d4 cxd4 5. Nxd4 a6 6. a4 e5 7. Nf3 Be7 8. Be2
Nc6 9. b3 O-O 10. h3 Nb4 11. Bb2 Qc7 12. Nd2 b6 13. O-O Bb7 14. f3 Nd7 15. Ba3
Nc6 16. Nd5 Qd8 17. Nxe7+ Qxe7 18. Nc4 Nd4 19. Bxd6 Nxe2+ 20. Qxe2 Qe6 21. Bxf8
Rxf8 22. Ne3 g6 23. Rad1 Nf6 24. Qd2 Bc8 25. Qd6 Kg7 26. Qxe6 Bxe6 27. Rd6 Rb8
28. Rfd1 h5 29. Nc4 b5 30. axb5 axb5 31. Nxe5 Rc8 32. Rc6 Rb8 33. b4 Ne8 34. c3
Nf6 35. Ra1 Nd7 36. Nxd7 Bxd7 37. Rc7 Be8 38. Raa7 Kf8 39. Kf2 Kg7 40. f4 Rd8
41. Ke2 Kf6 42. h4 Kg7 43. e5 Kf8 44. Ke3 Kg8 45. Re7 Kf8 46. g3 Kg8 47. e6 fxe6
48. Rxe6 Kf8 49. Rae7 Rc8 50. Rxe8+ Rxe8 51. Rxe8+ Kxe8 52. Kd4 Ke7 53. Kc5 Ke6
54. Kxb5 Kf5 55. c4 Kg4 56. c5 Kxg3 57. c6 Kxh4 58. c7 Kg3 59. c8=Q 1-0

[Event "Let's Play Chess!"]
[Site "http://www.queenalice.com/game.php?id=1867400"]
[Date "2025.12.28"]
[Round "-"]
[White "alow_proton"]
[Black "Mlintz"]
[Result "0-1"]
[WhiteElo "2118"]
[BlackElo "1960"]

1. e4 e5 2. f4 Bc5 3. Nf3 d6 4. Bc4 Nf6 5. d3 Qe7 6. f5 h6 7. c3 c6 8. a4 a5 9.
h3 d5 10. exd5 cxd5 11. Bb3 Bxf5 12. Qe2 O-O 13. Qxe5 Qxe5+ 14. Nxe5 d4 15. cxd4
Bxd4 16. Nf3 Re8+ 17. Kd1 Bf2 18. Bc4 Nc6 19. Bd2 Red8 20. Kc2 Bh7 21. Nc3 Nb4+
22. Kb3 Bxd3 23. Bxd3 Nxd3 24. Rhf1 b6 25. Rad1 Bg3 26. Be3 Bc7 27. Kc2 Nb4+ 28.
Kb1 Rxd1+ 29. Rxd1 Rd8 30. Kc1 Rxd1+ 31. Kxd1 Nbd5 32. Nxd5 Nxd5 33. Bd2 f6 34.
Ke2 Kf7 35. Kd3 Nf4+ 36. Bxf4 Bxf4 37. Nd2 Bxd2 38. Kxd2 Ke6 39. Kd3 Kd5 40. g3
f5 41. b3 g5 42. Ke3 h5 43. h4 gxh4 44. gxh4 Ke5 45. Kd3 f4 46. Kc4 f3 47. Kd3
Kf4 48. Kc4 f2 0-1

[Event "Let's Play Chess!"]
[Site "http://www.queenalice.com/game.php?id=1867542"]
[Date "2026.1.4"]
[Round "-"]
[White "Mlintz"]
[Black "Capixaba789"]
[Result "1-0"]
[WhiteElo "1933"]
[BlackElo "1890"]

1. e4 c5 2. Nf3 Nc6 3. Nc3 e5 4. Bc4 Be7 5. h4 Nf6 6. d3 d6 7. a3 Bg4 8. Nd5 Nd4
9. c3 Nc6 10. Nxf6+ Bxf6 11. Qe2 Bxh4 12. Rxh4 Bxf3 13. Bxf7+ Kf8 14. Qxf3 Qxh4
15. Bd5+ Qf6 16. Qe2 Ke7 17. Qg4 Raf8 18. Bg5 1-0

[Event "Let's Play Chess!"]
[Site "http://www.queenalice.com/game.php?id=1867543"]
[Date "2026.1.4"]
[Round "-"]
[White "Capixaba789"]
[Black "Mlintz"]
[Result "0-1"]
[WhiteElo "1861"]
[BlackElo "1947"]

1. d4 e6 2. e4 d5 3. exd5 exd5 4. Nf3 Nf6 5. Bd3 Be7 6. O-O O-O 7. Re1 c5 8.
dxc5 Bxc5 9. Nc3 h6 10. Bf4 Nc6 11. Ne2 Re8 12. Ng3 Ng4 13. Rf1 Qb6 14. Qd2 Qxb2
15. a4 a5 16. h3 Nxf2 17. Kh2 Nxd3 18. Qxd3 Be6 19. Rfb1 Qf6 20. Bd2 b6 21. Nh5
Qf5 22. Qf1 Qxc2 23. Rc1 Qg6 24. Kh1 Qxh5 25. Bf4 Qg6 26. Bh2 d4 27. Qb5 Bd5 28.
Rab1 Bxf3 29. gxf3 Nb4 0-1

[Event "Xarás 1 - 2026"]
[Site "http://www.queenalice.com/game.php?id=1867601"]
[Date "2026.1.7"]
[Round "-"]
[White "MarcosT"]
[Black "Mlintz"]
[Result "0-1"]
[WhiteElo "2102"]
[BlackElo "2017"]

1. d4 e6 2. e3 d5 3. Bd3 g6 4. Nd2 Bg7 5. c3 c6 6. Ngf3 Nf6 7. O-O O-O 8. Ne5 b5
9. f4 Ne8 10. Ndf3 h6 11. Qc2 Nf6 12. Nxg6 fxg6 13. Bxg6 Bd7 14. Ne5 Be8 15.
Bh7+ Nxh7 16. Rf3 Nf6 0-1